Common Riddles Quiz #3(New Year 2025!) - Statistics

General Stats
  • This quiz has been taken 100 times
  • The average score is 2 of 5
Answer Stats
Riddle Answer % Correct
I can be cracked, made, told, and played. What am I? Joke
83%
I am often bright but never brighten. I mark the passage of time, greeting the New Year with glow and light. What am I? Firework
70%
What is long, slender, and used to keep time and at midnight will ring to welcome the New Year? Clock
60%
I start with “T”,and I’m loaded with ‘T.’ What am I? Tea kettle
13%
What has a year, thirty days, and exits with an extravagant flair? Schedule
6%
No matching quizzes found
Score Distribution
Percent of People with Each Score
Percentile by Number Answered
Your Score History
You have not taken this quiz